| 000 | 00640nam a2200181Ia 4500 | ||
|---|---|---|---|
| 008 | 090630s9999 xx 000 0 und d | ||
| 082 | _b4837 | ||
| 100 | _aशेंडे ना. रा. | ||
| 245 |
_aदलितांचे जग वेदना आणि. _cशेंडे ना. रा. |
||
| 260 |
_bसुनिल. _c1978 |
||
| 300 | _a177 | ||
| 600 | _aशेंडे ना. रा. | ||
| 630 | _aदलितांचे जग वेदना आणि. | ||
| 655 | _aइतर. | ||
| 700 | _aशेंडे ना. रा. | ||
| 730 | _aदलितांचे जग वेदना आणि. | ||
| 942 | _cBOOK | ||
| 999 |
_c256693 _d256693 |
||